Character Names- Night by Elie Wiesel Quiz Stats

 Plays Quiz not verified by Sporcle

Score 0/18 Timer 05:00
0 Plays Today
% Correct
Elie
96.9%
Madame Schachter
85.9%
Moshe the Beadle
85.3%
Shlomo
82.3%
Juliek
78.5%
Tzipora
74.2%
Rabbi Eliahou
66.3%
Hilda
65.1%
Franek
64.1%
% Correct
Stein
64%
Bea
63.7%
Idek
62.6%
Dr. Josef Mengele
60.9%
Akiba Drumer
54.5%
Meir Katz
54.1%
Zalman
50.6%
Yosi
37.9%
Tibi
30.7%

You're not logged in!

Compare scores with friends on all Sporcle quizzes.
OR
Log In

Show Comments

Extras

Created May 23, 2012ReportNominate
Tags:Judaism Quiz, jewish, night

Top Quizzes Today


Score Distribution

Your Account Isn't Verified!

In order to create a playlist on Sporcle, you need to verify the email address you used during registration. Go to your Sporcle Settings to finish the process.

Report this User

Report this user for behavior that violates our Community Guidelines.

Details: